|
|
|
|
| LEADER |
01566nam a2200457 a 4500 |
| 001 |
000619862 |
| 003 |
CZ BrMZK |
| 005 |
20091203084624.0 |
| 007 |
ta |
| 008 |
020829s2002 xr b f cze d |
| 015 |
|
|
|a cnb001179585
|
| 020 |
|
|
|a 80-7178-656-X
|
| 035 |
|
|
|a (OCoLC)53267049
|
| 040 |
|
|
|a BOA001
|b cze
|
| 072 |
|
7 |
|a 821-93
|x Literatura pro děti a mládež (beletrie)
|2 Konspekt
|9 26
|
| 072 |
|
7 |
|a 159.95
|x Vyšší duševní procesy
|2 Konspekt
|9 17
|
| 080 |
|
|
|a 316.346.32-053.5
|2 MRF
|
| 080 |
|
|
|a 159.955
|2 MRF
|
| 080 |
|
|
|a 793.7
|2 MRF
|
| 080 |
|
|
|a (035)
|2 MRF
|
| 080 |
|
|
|a (076.1)
|2 MRF
|
| 080 |
|
|
|a (0.053.2)
|2 MRF
|
| 100 |
1 |
|
|a Krumphanzlová, Věra,
|d 1946-
|7 jk01063555
|4 ill
|
| 245 |
1 |
0 |
|a Knížka pro chytré děti :
|b [hlavolamy, hádanky, křížovky, bludiště] /
|c Věra Krumphanzlová
|
| 250 |
|
|
|a Vyd. 1.
|
| 260 |
|
|
|a Praha :
|b Portál,
|c 2002
|
| 300 |
|
|
|a 125 s. :
|b il. ;
|c 23 cm
|
| 490 |
1 |
|
|a Nápady - hry - tvořivost
|
| 500 |
|
|
|a Podnázev z obálky
|
| 521 |
|
|
|a Od 7 do 12 let
|
| 650 |
0 |
7 |
|a děti školního věku
|7 ph119714
|2 czenas
|
| 650 |
0 |
7 |
|a rozvoj myšlení
|7 ph135316
|2 czenas
|
| 650 |
0 |
7 |
|a hádanky
|7 ph121010
|2 czenas
|
| 650 |
0 |
7 |
|a hlavolamy
|7 ph120751
|2 czenas
|
| 655 |
|
7 |
|a příručky
|7 fd133209
|2 czenas
|
| 655 |
|
7 |
|a pracovní sešity
|7 fd133116
|2 czenas
|
| 655 |
|
7 |
|a publikace pro děti
|7 fd133156
|2 czenas
|
| 830 |
|
0 |
|a Nápady - hry - tvořivost
|0 s
|
| 910 |
|
|
|a BOA001
|b 2-1106.631
|
| 990 |
|
|
|a BK
|
| 996 |
6 |
|
|b 2610169233
|c 2-1106.631
|l MZK
|r Sklad / do 1 hodiny
|n 8
|p p.v.
|w 000619862
|u 000010
|a 1
|e BOA001
|j MZK50
|s P
|